000 01239pam a2200301 a 4500
001 sheerchance00good
003 CaSfIA
005 20210119081940.0
007 cr||||
008 970310s1997 nyu 000 1 eng
010 _a 97008210
020 _a0312156545
035 _a(DLC) 97008210
040 _aDLC
_cDLC
_dOCoLC
_dDLC
_dBIBLIOS
_dCaSfIA
050 0 0 _aPR6057.O585
_bS48 1997
082 0 0 _a823/.914
_221
100 1 _aGoodwin, Suzanne.
245 1 0 _aSheer chance /
_h[electronic resource]
_cSuzanne Goodwin.
250 _a1st U.S. ed.
260 _aNew York :
_bSt. Martin's Press,
_c1997.
300 _a280 p. ;
_c22 m.
655 7 _aLove stories.
_2gsafd
856 4 1 _uhttp://www.archive.org/details/sheerchance00good
_zFree eBook from the Internet Archive
856 4 2 _uhttp://www.openlibrary.org/books/OL662713M
_zAdditional information and access via Open Library
942 _cEB
506 _fНеобхідна авторизація на https://archive.org/ (створення облікового запису безкоштовно)
506 _fНеобхідна авторизація на https://openlibrary.org/ (створення облікового запису безкоштовно)
999 _c548365
_d548365